<?xml version="1.0" encoding="UTF-8"?>
<record
    xmlns:xsi="http://www.w3.org/2001/XMLSchema-instance"
    xsi:schemaLocation="http://www.loc.gov/MARC21/slim http://www.loc.gov/standards/marcxml/schema/MARC21slim.xsd"
    xmlns="http://www.loc.gov/MARC21/slim">

  <leader>00482cam a2200181   4500</leader>
  <controlfield tag="001">4826</controlfield>
  <controlfield tag="005">20250328162720.0</controlfield>
  <controlfield tag="008">761210t19771966nyu      b    000 1 eng</controlfield>
  <datafield tag="010" ind1=" " ind2=" ">
    <subfield code="a">   76030631</subfield>
  </datafield>
  <datafield tag="020" ind1=" " ind2=" ">
    <subfield code="a">978998059801</subfield>
  </datafield>
  <datafield tag="082" ind1=" " ind2=" ">
    <subfield code="a">294.3 RIN</subfield>
  </datafield>
  <datafield tag="100" ind1="1" ind2=" ">
    <subfield code="a">Rinpoche, Shechen Rabjam.</subfield>
  </datafield>
  <datafield tag="245" ind1="1" ind2="0">
    <subfield code="a">Senge dzong :</subfield>
    <subfield code="b"> sacred land of wonders.</subfield>
  </datafield>
  <datafield tag="260" ind1=" " ind2=" ">
    <subfield code="a">Thimphu ;</subfield>
    <subfield code="b">Nigma Ragshar KTDL,</subfield>
    <subfield code="c">2023.</subfield>
  </datafield>
  <datafield tag="300" ind1=" " ind2=" ">
    <subfield code="a">viii, 274 p. ;</subfield>
    <subfield code="c">24 cm.</subfield>
  </datafield>
  <datafield tag="651" ind1=" " ind2="0">
    <subfield code="a">Dzongs.</subfield>
  </datafield>
  <datafield tag="942" ind1=" " ind2=" ">
    <subfield code="2">ddc</subfield>
    <subfield code="c">NONFICTION</subfield>
  </datafield>
  <datafield tag="999" ind1=" " ind2=" ">
    <subfield code="c">10181</subfield>
    <subfield code="d">10182</subfield>
  </datafield>
  <datafield tag="952" ind1=" " ind2=" ">
    <subfield code="0">0</subfield>
    <subfield code="1">0</subfield>
    <subfield code="2">ddc</subfield>
    <subfield code="4">0</subfield>
    <subfield code="7">0</subfield>
    <subfield code="8">MAIN</subfield>
    <subfield code="a">RTCLIB</subfield>
    <subfield code="b">RTCLIB</subfield>
    <subfield code="c">MAIN</subfield>
    <subfield code="d">2025-03-28</subfield>
    <subfield code="g">555.00</subfield>
    <subfield code="i">19205</subfield>
    <subfield code="o">294.3 RIN c1</subfield>
    <subfield code="p">30020367</subfield>
    <subfield code="r">2025-03-28 00:00:00</subfield>
    <subfield code="w">2025-03-28</subfield>
    <subfield code="y">NONFICTION</subfield>
  </datafield>
  <datafield tag="952" ind1=" " ind2=" ">
    <subfield code="0">0</subfield>
    <subfield code="1">0</subfield>
    <subfield code="2">ddc</subfield>
    <subfield code="4">0</subfield>
    <subfield code="7">0</subfield>
    <subfield code="8">MAIN</subfield>
    <subfield code="a">RTCLIB</subfield>
    <subfield code="b">RTCLIB</subfield>
    <subfield code="c">MAIN</subfield>
    <subfield code="d">2025-03-28</subfield>
    <subfield code="g">555.00</subfield>
    <subfield code="i">19206</subfield>
    <subfield code="l">1</subfield>
    <subfield code="o">294.3 RIN c2</subfield>
    <subfield code="p">30020368</subfield>
    <subfield code="q">2026-07-23</subfield>
    <subfield code="r">2026-04-30 12:37:21</subfield>
    <subfield code="s">2026-04-30</subfield>
    <subfield code="w">2025-03-28</subfield>
    <subfield code="y">NONFICTION</subfield>
  </datafield>
  <datafield tag="952" ind1=" " ind2=" ">
    <subfield code="0">0</subfield>
    <subfield code="1">0</subfield>
    <subfield code="2">ddc</subfield>
    <subfield code="4">0</subfield>
    <subfield code="7">0</subfield>
    <subfield code="8">MAIN</subfield>
    <subfield code="a">RTCLIB</subfield>
    <subfield code="b">RTCLIB</subfield>
    <subfield code="c">MAIN</subfield>
    <subfield code="d">2025-03-28</subfield>
    <subfield code="g">555.00</subfield>
    <subfield code="i">19207</subfield>
    <subfield code="o">294.3 RIN c3</subfield>
    <subfield code="p">30020369</subfield>
    <subfield code="r">2025-03-28 00:00:00</subfield>
    <subfield code="w">2025-03-28</subfield>
    <subfield code="y">NONFICTION</subfield>
  </datafield>
  <datafield tag="952" ind1=" " ind2=" ">
    <subfield code="0">0</subfield>
    <subfield code="1">0</subfield>
    <subfield code="2">ddc</subfield>
    <subfield code="4">0</subfield>
    <subfield code="7">0</subfield>
    <subfield code="8">MAIN</subfield>
    <subfield code="a">RTCLIB</subfield>
    <subfield code="b">RTCLIB</subfield>
    <subfield code="c">MAIN</subfield>
    <subfield code="d">2025-03-28</subfield>
    <subfield code="g">555.00</subfield>
    <subfield code="i">19208</subfield>
    <subfield code="o">294.3 RIN c4</subfield>
    <subfield code="p">30020370</subfield>
    <subfield code="r">2025-03-28 00:00:00</subfield>
    <subfield code="w">2025-03-28</subfield>
    <subfield code="y">NONFICTION</subfield>
  </datafield>
</record>
